[Event "ESP-ch U12"]
[Site "Salobrena"]
[Date "2023.07.10"]
[Round "1"]
[White "Palomo Monserrat, Lorenzo"]
[Black "Iraizoz Moreno, Inigo"]
[Result "1-0"]
[WhiteElo "1760"]
[BlackElo "1250"]
[PlyCount "104"]
[EventDate "2023.07.10"]
[EventType "swiss"]
[EventRounds "9"]
[EventCountry "ESP"]
[SourceTitle "EXT 2024"]
[Source "ChessBase"]
[SourceDate "2023.10.10"]
[SourceVersion "1"]
[SourceVersionDate "2023.10.10"]
[SourceQuality "1"]

1. d4 d5 2. c4 Nc6 3. Nf3 Bg4 4. cxd5 Bxf3 5. gxf3 Qxd5 6. e3 e5 7. Nc3 Bb4 8. a3 Bxc3+ 9. bxc3 0-0-0 10. Be2 Nge7 11. Rb1 b6 12. Rb5 Qd6 13. a4 exd4 14. cxd4 Nd5 15. Rb3 Rhe8 16. Ba3 Qe6 17. Bb2 Na5 18. Ra3 Qd6 19. Qd2 Qb4 20. Qxb4 Nxb4 21. 0-0 Re6 22. Bc3 Nbc6 23. Ra2 Rg6+ 24. Kh1 Kb7 25. Bd3 Rh6 26. Rg1 g6 27. Be4 f5 28. Bd3 Rh3 29. Kg2 Rh5 30. f4 Rh4 31. Be2 Rg8 32. Bf3 g5 33. Bxa5 bxa5 34. Rb2+ Kc8 35. Bxc6 gxf4+ 36. Kh1 Rxg1+ 37. Kxg1 Rh6 38. Bf3 Rg6+ 39. Kh1 fxe3 40. fxe3 Re6 41. e4 fxe4 42. Bg4 Kd7 43. Bxe6+ Kxe6 44. Rb5 c5 45. Rxc5 h5 46. Rxh5 a6 47. Re5+ Kd6 48. Rxe4 Kd5 49. Re5+ Kc6 50. Kg2 Kb7 51. Re6 Ka8 52. Re7 Kb8 1-0